| 000 | 01001nam0a2200301 i 4500 | ||
|---|---|---|---|
| 001 | RU\NLR\BIBL_A\011133715 | ||
| 005 | 20240727021848.0 | ||
| 010 | _a9785990734739 | ||
| 021 |
_aRU _b2016-37238 _92392 |
||
| 035 | _a(NILC)RuMoRGB-008477542 | ||
| 035 | _a(NLR Aleph) 011133715 | ||
| 090 |
_a11582285 _c11582285 |
||
| 100 | _a20160523d2016 u y0rusy50 ca | ||
| 101 | 0 | _arus | |
| 102 | _aRU | ||
| 105 | _ay|||z||||00ay | ||
| 200 | 1 |
_aСемейная тайна _eроман _fАндреа Йорк |
|
| 210 |
_aМосква _cГолден Пресс _d[2016] |
||
| 215 |
_a189, [1] с. _d17 |
||
| 225 | 1 |
_aПанорама романов о любви _eпериодический литературно-художественный альманах _v16-031 |
|
| 675 | _a821.161.1 | ||
| 686 | 1 | _aШ6(4Вл)67-440.4{Лх1299-50} | |
| 700 | 1 |
_aЙорк _bА. _gАндреа |
|
| 801 | 0 |
_aRU _bРГБ _c20160505 _gRCR |
|
| 942 | _cBOOK | ||
| 980 | _aNBR | ||